Sociedad y adolescencia
Saved in:
| Main Author: | |
|---|---|
| Format: | Book |
| Language: | Spanish |
| Published: |
Ciudad de México
Siglo Veintiuno
2007
|
| Edition: | 20a. ed |
| Series: | Psicología y Etología
|
| Subjects: | |
| Tags: |
Add Tag
No Tags, Be the first to tag this record!
|
MARC
| LEADER | 00000nam a2200000 a 4500 | ||
|---|---|---|---|
| 001 | UCH4430 | ||
| 003 | CL-VaPUC | ||
| 008 | 090820e20070000MX |||||||||||||||||spa|d | ||
| 020 | |a 9682318416 | ||
| 082 | 0 | 4 | |a 155.53 |b ERI |2 21 |
| 100 | 0 | |a Erikson, Erik H |e author |9 343603 | |
| 245 | 1 | 0 | |a Sociedad y adolescencia |
| 250 | |a 20a. ed | ||
| 300 | |a 179 p | ||
| 942 | |c BK | ||
| 945 | |d 20090820 00:00:00 |a rbrito | ||
| 260 | |a Ciudad de México |b Siglo Veintiuno |c 2007 | ||
| 650 | 0 | |a Adolescencia |9 307361 | |
| 650 | 7 | |a CRISIS DE IDENTIDAD |2 CL-VaPUC |9 539955 | |
| 650 | 7 | |a ONTOGENESIS |2 CL-VaPUC |9 434221 | |
| 650 | 0 | |a Psicoanálisis |9 265702 | |
| 583 | |a last modification |c 20090820 00:00:00 |k Rodrigo Vera | ||
| 490 | 0 | |a Psicología y Etología | |
| 999 | |c 335754 |d 335752 | ||
| 952 | |0 0 |1 0 |4 0 |6 155_530000000000000_ERI_2007 |7 0 |8 A |9 426416 |a BIBEDU |b BIBEDU |d 2019-11-22 |i 4589653 |o 155.53 ERI 2007 |p 4589653 |r 2019-11-22 |w 2019-11-22 |y BK |k PSI | ||